| 000 | 00655nam a2200229 4500 | ||
|---|---|---|---|
| 001 | 119295 | ||
| 003 | ES-MaACL | ||
| 005 | 20230906191301.0 | ||
| 007 | t| | ||
| 008 | 070214s1974 sp r ||||1| spa d | ||
| 080 | _a008"313" | ||
| 100 | 1 |
_aPicht, Georg. _991843 |
|
| 245 | 1 | 0 |
_aFrente a la utopía / _cGeorg Picht ; traducción de Angel Sabrido. |
| 260 |
_aEsplugas de Llobregat (Barcelona) : _bPlaza & Janés, _c1974. |
||
| 300 |
_a154 p. ; _c18 cm. |
||
| 490 | 1 | _aRotativa | |
| 650 | 4 |
_aCivilización futura. _911094 |
|
| 700 | 1 |
_aSabrido, Ángel. _9101219 |
|
| 830 | 1 |
_aRotativa _9179597 |
|
| 852 |
_aES-MaACL _jE-6688 |
||
| 999 |
_c119295 _d119295 |
||